000 01392nam a2200241 a 4500
001 000043529
005 20240313073819.0
008 140324s2005 dr 000 0 spa d
020 _a9945412167
040 _aDO-SdBNP
_bspa
_cBNPHU
082 _a320.98
_bE56e
111 2 _aEncuentro del Grupo Biarritz
_n(2 :
_d2004 :
_cLa Romana, República Dominicana)
_971280
245 1 3 _aEl estado de la gobernabilidad en América Latina.
260 _aSanto Domingo :
_bFUNGLODE,
_bCorporación Escenarios,
_c2005.
300 _axii, 167 p. ;
_c23 cm.
505 0 _aIntroducción --
_rRafael Toribio --
_rPalabras de bienvenida --
_rLeonel Fernández --
_rDidier Borotra --
_rErnesto Samper --
_rPatricio Aylwin --
_rNicky Fabiancic --
_tDebate I --
_tComunicación y medios de información: Aliados de la gobernabilidad o responsables de la ingobernabilidad?
_tDocumento de debate, Newlink
_tDebate II --
_tPalabras de cierre --
_rLeonel Fernández .
590 _aInventariado, 2018/LP
650 4 _aMedios de comunicación de masas
_xAspectos políticos
_xRepública dominicana
_xCongresos, conferencias, etc.
_965638
650 4 _aEstabilidad política
_zAmérica Latina
_xCongresos, conferencias, etc.
_965639
651 4 _aAmérica Latina
_xPolítica Y Gobierno
_xCongresos, Conferencias, Etc.
_953280
710 2 2 _aFundación Global Democracía y Desarrollo
_925477
910 _aValidado. Control de calidad MFF
999 _c43018
_d43018